Pokémon or Digimon Quiz Stats

 Plays Quiz not verified by Sporcle

Challenge
Share
Tweet
Score 0/100 Timer 10:00
0 Plays Today
% Correct
Pokémon
96.8%
Digimon
96.1%
Pokémon
93.6%
Digimon
92.7%
Pokémon
92.3%
Digimon
92.3%
Digimon
92%
Digimon
91.7%
Digimon
91.1%
Digimon
90.9%
Pokémon
89.6%
Digimon
88.2%
Digimon
87.8%
Pokémon
86.4%
Pokémon
86.4%
Digimon
85.3%
Pokémon
83.9%
Pokémon
83.6%
Digimon
83.4%
Digimon
82.9%
Digimon
82.7%
Digimon
82.6%
Pokémon
82.3%
Digimon
82.3%
Pokémon
82.2%
Digimon
82.2%
Pokémon
82.1%
Digimon
81.8%
Digimon
81.3%
Digimon
81.3%
Pokémon
80.8%
Pokémon
80.7%
Pokémon
80.6%
Digimon
80.6%
% Correct
Pokémon
80.5%
Digimon
80.3%
Pokémon
80%
Pokémon
80%
Digimon
79.4%
Digimon
79.4%
Digimon
79.2%
Pokémon
78.9%
Digimon
78.9%
Pokémon
78.8%
Pokémon
78.7%
Digimon
78.3%
Digimon
78.2%
Digimon
78.2%
Digimon
78.1%
Digimon
78%
Digimon
77.9%
Digimon
77.9%
Digimon
77.9%
Pokémon
77.8%
Digimon
77.8%
Digimon
77.8%
Digimon
77.7%
Pokémon
77.6%
Digimon
77.6%
Digimon
77.5%
Digimon
77.4%
Pokémon
77.2%
Pokémon
77.1%
Digimon
77%
Digimon
76.9%
Pokémon
76.8%
Digimon
76.7%
Pokémon
76.6%
% Correct
Digimon
76.5%
Pokémon
76.4%
Pokémon
76.3%
Digimon
76.3%
Digimon
76.1%
Digimon
75.9%
Pokémon
75.6%
Pokémon
75.6%
Digimon
74.9%
Pokémon
74.2%
Digimon
73.9%
Pokémon
73.5%
Pokémon
73.3%
Pokémon
73.2%
Pokémon
73%
Pokémon
72%
Pokémon
71.2%
Pokémon
70.8%
Digimon
70.8%
Pokémon
70.4%
Pokémon
69.9%
Pokémon
69.8%
Pokémon
69.7%
Pokémon
69.6%
Digimon
68.9%
Pokémon
67.6%
Pokémon
67.1%
Pokémon
66.3%
Pokémon
65.6%
Pokémon
60.5%
Pokémon
59.9%
Pokémon
57.5%

You're not logged in!

Compare scores with friends on all Sporcle quizzes.
Join for Free
OR
Log In

You Might Also Like...

Show Comments

Extras

Created Aug 17, 2013ReportNominate
Tags:Pokémon Quiz, digimon, Slideshow

Top Quizzes Today


Score Distribution

Your Account Isn't Verified!

In order to create a playlist on Sporcle, you need to verify the email address you used during registration. Go to your Sporcle Settings to finish the process.

Report this User

Report this user for behavior that violates our Community Guidelines.

Details: